000 00723nam a22001577a 4500
003 SGT
020 _a9788120341883
082 _a621.3
_bSIN
100 _aSINGH,S.N
245 _aBASIC ELECTRICAL ENGINEERING
260 _aNEW DELHI
_bPHI
_c2013
300 _a443
650 _aELECTRICAL ENGINEERING
653 _aCIRCUIT ELEMENTS,ANALYSIS OF DC CIRCUITS, STEADY STATE ANALYSIS OF AC CIRCUITS,TRANSIENT ANALYSIS OF AC/DC CIRCUITS, ELECTRICAL MEASURING INSTRUMENTS AND MEASUREMENTS,THREE PHASE AC CIRCUITS,RESONANCE,MAGNETIC CIRCUIT,TRANSFORMERS, ELECTROMECHANICAL ENERGY CONVERSION,DIRECT CURENT MACHINES,THREE PHASE INDUCTION MACHINES,THREE PHASE SYNCHRONOUS MACHINES,FRACTIONAL kW (HORSE-POWER) MOTORS
942 _2ddc
_cBK
999 _c8225
_d8225